000 02888nam0a22003851 4500
001 rc\293438
005 20250621022825.0
010 _a5-235-01582-7
_9150000
035 _a(NLR Aleph) 005524399
090 _a5542419
_c5542419
100 _a20030307d1990 |||y0rusy50 ca
101 0 _arus
102 _aRU
105 _ay |||||||||
200 1 _aИстребитель ведьм
_eПольская фантаст.
_e[Перевод
_fСост. А.Н. Каширин]
210 _aМ.
_cМол. гвардия
_d1990
215 _a350, [1] с.
_d20
320 _aПисатели и критики науч. фантаст. в Польской Респ.: Материалы и библиогр. / Сост. В. Аникеев: с. 317-351
327 1 _aСодерж.: R.I.P. / Г. Бабула. Диалог через реку / Э. Внук-Липиньский. Авторский вариант / М. Вольский. Наиважнейший день 111394 года / Э. Дембский. Гонец / А. Джевиньский. Песнь на коронации / Р.А. Земкевич. Письмо из дюны / А. Зимняк. Истребитель ведьм / К. Коханьский. Так бывает каждый день; Колодец / М. Паровский, и произведения др. авт.
464 0 _12001#$aR.I.P.
_1700#1$aБабула$bГ.
_tR.I.P.
_aБабула, Г.
464 0 _12001#$aДиалог через реку
_1700#1$aВнук-Липиньский$bЭ.
_tДиалог через реку
_aВнук-Липиньский, Э.
464 0 _12001#$aАвторский вариант
_1700#1$aВольский$bМ.
_tАвторский вариант
_aВольский, М.
464 0 _12001#$aНаиважнейший день 111394 года
_1700#1$aДембский$bЭ.
_tНаиважнейший день 111394 года
_aДембский, Э.
464 0 _12001#$aГонец
_1700#1$aДжевиньский$bА.
_tГонец
_aДжевиньский, А.
464 0 _12001#$aПеснь на коронации
_1700#1$aЗемкевич$bР.А.
_tПеснь на коронации
_aЗемкевич, Р.А.
464 0 _12001#$aПисьмо из дюны
_1700#1$aЗимняк$bА.
_tПисьмо из дюны
_aЗимняк, А.
464 0 _12001#$aИстребитель ведьм
_1700#1$aКоханьский$bК.
_tИстребитель ведьм
_aКоханьский, К.
464 0 _12001#$aТак бывает каждый день
_1700#1$aПаровский$bМ.
_tТак бывает каждый день
_aПаровский, М.
464 0 _12001#$aКолодец
_1700#1$aПаровский$bМ.
_tКолодец
_aПаровский, М.
702 1 _aКаширин
_bА.Н.
_4730
801 0 _aRU
_bNLR
_gpsbo
801 1 _aRU
_bELAR
_2rusmarc
852 _aNLR
_j91-3/1463
942 _cBOOK
980 _aNB